Top scorers in the Premier League by year - Statistics

General Stats
  • This quiz has been taken 165 times
  • The average score is 25 of 37
Answer Stats
Hint Answer % Correct
2023/24 Erling Haaland
99%
2022/23 Erling Haaland
99%
2024/25 Mohamed Salah
96%
Mohamed Salah
96%
2018/19 Mohamed Salah
96%
2017/18 Mohamed Salah
96%
2020/21 Harry Kane
89%
2016/17 Harry Kane
89%
2015/16 Harry Kane
89%
2014/15 Sergio Aguero
87%
2007/08 Cristiano Ronaldo
85%
Sadio Mane
83%
2005/06 Thierry Henry
81%
2004/05 Thierry Henry
81%
2003/04 Thierry Henry
81%
2001/02 Thierry Henry
81%
1996/97 Alan Shearer
77%
1995/96 Alan Shearer
77%
1994/95 Alan Shearer
77%
2009/10 Didier Drogba
70%
2006/07 Didier Drogba
70%
2012/13 Robin Van Persie
69%
2011/12 Robin Van Persie
69%
2019/20 Jamie Vardy
67%
2021/22 Heung-min Son
65%
2013/14 Luis Suarez
60%
2002/03 Ruud Van Nistelrooy
58%
1998/99 Michael Owen
53%
Pierre-Emerick Aubameyang
45%
2010/12 Carlos Tevez
39%
1993/94 Andy Cole
35%
2008/09 Nicolas Anelka
33%
1992/93 Teddy Sheringham
29%
Dimitar Berbatov
28%
1999/00 Dwight Yorke
25%
2000/01 Jimmy Floyd Hasselbaink
20%
1997/98 Dion Dublin
7%
No matching quizzes found
Score Distribution
Percent of People with Each Score
Percentile by Number Answered
Your Score History
You have not taken this quiz